[Event "Ufa op"]
[Site "Ufa"]
[Date "2010.11.23"]
[Round "4"]
[White "Tukhvatullin, Vladislav"]
[Black "Darmin, Dmitry"]
[Result "0-1"]
[WhiteElo "2256"]
[BlackElo "2364"]
[PlyCount "79"]
[EventDate "2010.11.20"]
[EventType "swiss"]
[EventRounds "9"]
[EventCountry "RUS"]
[SourceTitle "CBM 139 Extra"]
[Source "ChessBase"]
[SourceDate "2011.01.05"]
[SourceVersion "1"]
[SourceVersionDate "2011.01.05"]
[SourceQuality "1"]

1. e4 c6 2. d4 d5 3. e5 Bf5 4. Nf3 e6 5. Be2 Be7 6. 0-0 h5 7. Nbd2 Nh6 8. Nb3 Nd7 9. Bd3 Bxd3 10. Qxd3 Nf5 11. a4 a6 12. c3 c5 13. dxc5 Nxc5 14. Nxc5 Bxc5 15. Bg5 Qc7 16. Rfe1 Rc8 17. h3 Qb6 18. Qd2 h4 19. b4 Bf8 20. Be3 Nxe3 21. Rxe3 Be7 22. Rd3 Rc4 23. Rd4 Qc7 24. Rc1 0-0 25. Rxc4 Qxc4 26. Nd4 Rc8 27. Rc2 Bd8 28. a5 b6 29. axb6 Bxb6 30. Ne2 a5 31. bxa5 Bxa5 32. Qe3 Qb3 33. Rc1 Bb6 34. Qd3 Qa2 35. Kf1 Rc4 36. Rb1 Qa7 37. f3 Bc7 38. f4 g6 39. Rb4 Rxb4 40. cxb4 0-1

[Event "Ufa op"]
[Site "Ufa"]
[Date "2010.11.22"]
[Round "3"]
[White "Churaev, Raif"]
[Black "Tukhvatullin, Vladislav"]
[Result "0-1"]
[WhiteElo "2147"]
[BlackElo "2256"]
[PlyCount "76"]
[EventDate "2010.11.20"]
[EventType "swiss"]
[EventRounds "9"]
[EventCountry "RUS"]
[SourceTitle "CBM 139 Extra"]
[Source "ChessBase"]
[SourceDate "2011.01.05"]
[SourceVersion "1"]
[SourceVersionDate "2011.01.05"]
[SourceQuality "1"]

1. d4 Nf6 2. Nf3 g6 3. c4 Bg7 4. g3 0-0 5. Bg2 d6 6. 0-0 Nc6 7. Nc3 a6 8. h3 e5 9. dxe5 dxe5 10. Qxd8 Rxd8 11. Bg5 Be6 12. Nd2 Re8 13. Rfd1 Nd7 14. Nd5 h6 15. Be3 Rac8 16. Nb3 f5 17. h4 Kf7 18. Rac1 e4 19. Nd4 Nxd4 20. Bxd4 Bxd4 21. Rxd4 Ne5 22. b3 Red8 23. Rdd1 Rd7 24. Kf1 Rcd8 25. Ke1 b5 26. Nxc7 Rxd1+ 27. Rxd1 Rxd1+ 28. Kxd1 bxc4 29. Nxe6 Kxe6 30. Kd2 Kd5 31. f3 exf3 32. exf3 Kd4 33. bxc4 Nxc4+ 34. Ke2 Ne3 35. Bh3 g5 36. g4 f4 37. Kd2 Kc4 38. a3 a5 0-1

[Event "Ufa Siamidi Memorial op"]
[Site "Ufa"]
[Date "2010.10.26"]
[Round "9"]
[White "Tukhvatullin, Vladislav"]
[Black "Tangatarov, Timur"]
[Result "1-0"]
[WhiteElo "2256"]
[BlackElo "2145"]
[PlyCount "73"]
[EventDate "2010.10.18"]
[EventType "swiss"]
[EventRounds "9"]
[EventCountry "RUS"]
[SourceTitle "EXT 2011"]
[Source "ChessBase"]
[SourceDate "2010.11.26"]
[SourceVersion "1"]
[SourceVersionDate "2010.11.26"]
[SourceQuality "1"]

1. e4 c5 2. Nf3 d6 3. d4 cxd4 4. Nxd4 Nf6 5. Nc3 a6 6. Bg5 Nc6 7. Qd2 e6 8. f4 Bd7 9. 0-0-0 b5 10. Nxc6 Bxc6 11. Qe1 Qa5 12. Kb1 b4 13. Bxf6 gxf6 14. Nd5 Bxd5 15. exd5 e5 16. Qh4 Be7 17. Qg4 h5 18. Qg7 Rf8 19. Be2 h4 20. Bh5 Rd8 21. Rhf1 Qc5 22. Bg4 a5 23. Bf5 a4 24. Rf3 Rb8 25. fxe5 fxe5 26. Qg4 Rb7 27. Rdf1 Kd8 28. Bg6 fxg6 29. Rxf8+ Bxf8 30. Rxf8+ Ke7 31. Rf1 Qxd5 32. Qxh4+ Kd7 33. Qg4+ Kc6 34. Qxg6 Re7 35. Qg4 e4 36. Rd1 Qe5 37. Qc8+ 1-0

[Event "Ufa Siamidi Memorial op"]
[Site "Ufa"]
[Date "2010.10.24"]
[Round "7"]
[White "Zatokovenko, Igor"]
[Black "Tukhvatullin, Vladislav"]
[Result "1/2-1/2"]
[WhiteElo "2273"]
[BlackElo "2256"]
[PlyCount "67"]
[EventDate "2010.10.18"]
[EventType "swiss"]
[EventRounds "9"]
[EventCountry "RUS"]
[SourceTitle "EXT 2011"]
[Source "ChessBase"]
[SourceDate "2010.11.26"]
[SourceVersion "1"]
[SourceVersionDate "2010.11.26"]
[SourceQuality "1"]

1. d4 Nf6 2. Nf3 g6 3. Bf4 Bg7 4. e3 0-0 5. h3 c5 6. c3 b6 7. Be2 Bb7 8. 0-0 d6 9. a4 a6 10. Nbd2 Nbd7 11. Bh2 Re8 12. Qb3 h6 13. Rfc1 Rc8 14. Qd1 cxd4 15. exd4 Rc7 16. Qf1 Qa8 17. Re1 Nd5 18. Nc4 N7f6 19. Nfd2 Qc8 20. Ne3 h5 21. c4 Nb4 22. a5 bxa5 23. Rxa5 Nc6 24. Nb3 Nxa5 25. Nxa5 e5 26. c5 exd4 27. Nec4 d3 28. Bxd3 Rxe1 29. Qxe1 Rxc5 30. Bxd6 Rg5 31. Nxb7 Qxb7 32. Bf1 Ne4 33. Bf4 Bd4 34. Be3 1/2-1/2

[Event "Ufa Siamidi Memorial op"]
[Site "Ufa"]
[Date "2010.10.23"]
[Round "6"]
[White "Tukhvatullin, Vladislav"]
[Black "Gumerov, Renant"]
[Result "1-0"]
[WhiteElo "2256"]
[BlackElo "2203"]
[PlyCount "87"]
[EventDate "2010.10.18"]
[EventType "swiss"]
[EventRounds "9"]
[EventCountry "RUS"]
[SourceTitle "EXT 2011"]
[Source "ChessBase"]
[SourceDate "2010.11.26"]
[SourceVersion "1"]
[SourceVersionDate "2010.11.26"]
[SourceQuality "1"]

1. e4 e6 2. d4 d5 3. Nd2 Nc6 4. Ngf3 Nf6 5. e5 Ng8 6. Bb5 Bd7 7. Qe2 a6 8. Bd3 Nb4 9. 0-0 Nxd3 10. cxd3 h5 11. Nb3 Be7 12. Ne1 g5 13. Nc5 Bc8 14. Nc2 b6 15. Nb3 a5 16. a4 Qd7 17. Be3 Ba6 18. Qd2 0-0-0 19. Nc1 g4 20. b4 axb4 21. Nxb4 Bxb4 22. Qxb4 Ne7 23. a5 Nc6 24. Qc3 Nxa5 25. Nb3 Nxb3 26. Rxa6 Kb7 27. Ra3 Na5 28. Qb2 Ra8 29. Rc1 Ra6 30. Rac3 c6 31. Bd2 Rc8 32. Ra3 Rca8 33. Bb4 Kc8 34. Rca1 Qb7 35. Qc1 Qd7 36. Qg5 Kb7 37. Rb1 Ka7 38. Qxh5 Nb7 39. Qxg4 Rxa3 40. Bxa3 c5 41. dxc5 bxc5 42. Qd1 Rc8 43. Qb3 Kb8 44. d4 1-0

[Event "Ufa Siamidi Memorial op"]
[Site "Ufa"]
[Date "2010.10.22"]
[Round "5"]
[White "Tagirov, Kajum K"]
[Black "Tukhvatullin, Vladislav"]
[Result "0-1"]
[WhiteElo "1866"]
[BlackElo "2256"]
[PlyCount "80"]
[EventDate "2010.10.18"]
[EventType "swiss"]
[EventRounds "9"]
[EventCountry "RUS"]
[SourceTitle "EXT 2011"]
[Source "ChessBase"]
[SourceDate "2010.11.26"]
[SourceVersion "1"]
[SourceVersionDate "2010.11.26"]
[SourceQuality "1"]

1. e4 c5 2. c3 d5 3. exd5 Qxd5 4. d4 Nc6 5. Qf3 Qe6+ 6. Qe3 cxd4 7. Qxe6 Bxe6 8. Bb5 Bd5 9. f3 e5 10. Ne2 0-0-0 11. a3 Na5 12. Nd2 Bc6 13. Bd3 dxc3 14. Bf5+ Bd7 15. Bxd7+ Rxd7 16. Nxc3 Nf6 17. b4 Nc6 18. Bb2 Nd5 19. Nxd5 Rxd5 20. 0-0-0 Be7 21. Nb3 Rhd8 22. Rxd5 Rxd5 23. Rd1 Rxd1+ 24. Kxd1 a6 25. Ke2 Kd7 26. Kd3 Ke6 27. Kc4 b5+ 28. Kd3 Kd5 29. g3 f5 30. Ke3 Bd8 31. Nd2 Bb6+ 32. Kd3 Bg1 33. h3 Bd4 34. Bc1 a5 35. bxa5 Nxa5 36. Kc2 Nc4 37. Nb3 e4 38. f4 h5 39. Kd1 Bf2 40. Ke2 Bxg3 0-1

[Event "Ufa Siamidi Memorial op"]
[Site "Ufa"]
[Date "2010.10.18"]
[Round "1"]
[White "Balakhontsev, Evgeny"]
[Black "Tukhvatullin, Vladislav"]
[Result "0-1"]
[WhiteElo "1942"]
[BlackElo "2256"]
[PlyCount "42"]
[EventDate "2010.10.18"]
[EventType "swiss"]
[EventRounds "9"]
[EventCountry "RUS"]
[SourceTitle "EXT 2011"]
[Source "ChessBase"]
[SourceDate "2010.11.26"]
[SourceVersion "1"]
[SourceVersionDate "2010.11.26"]
[SourceQuality "1"]

1. e4 c5 2. Nc3 Nc6 3. f4 g6 4. Nf3 Bg7 5. Bb5 Nd4 6. Bc4 e6 7. Nxd4 cxd4 8. Ne2 Ne7 9. d3 b5 10. Bb3 Bb7 11. 0-0 0-0 12. Qe1 d6 13. Qg3 Qd7 14. Bd2 Kh8 15. Qh3 f5 16. exf5 gxf5 17. Ng3 Rf6 18. Nh5 Rh6 19. Rae1 Nd5 20. g4 fxg4 21. Qxg4 Rg6 0-1